Musica Nova Sofia [CD аудио] (Запис номер 217870)
[ съкратено ]
| 000 -Лидер | |
|---|---|
| Контролно поле с фиксирана дължина | 02496njm a2200445 c 4500 |
| 003 - Код на организацията, давaща контролен номер | |
| Контролно поле | BLK |
| 005 - Дата и час на последна редакция | |
| Контролно поле | 20180421002329.0 |
| 008 - Елементи от данни с фиксирана дължина | |
| fixed length control field | 180410b bul||n||s|||||||| n|bulo| |
| 010 ## - Наследен системен номер | |
| LC control number | CDD00000908000 |
| 040 ## - Източник на каталожния запис | |
| Идентификатор на билиотеката - собственик на записа | BLK |
| 041 ## - Код за език | |
| Код за езика на текст/звукозапис или на отделно заглавие | Английски |
| Код за езика КДБФ | Английски |
| Други езици | Български |
| 080 ## - УДК | |
| Текстов определител УДК | Камерна музика. Музика за няколко солови инструмента - дует, трио, квартет, квинтет, секстет, септет, нонет и др. |
| УДК код - определител по УДК | 785.7 |
| УДК определител | |
| УДК - код + определител | 785.7 |
| 080 ## - УДК | |
| Текстов определител УДК | Трио - инструментално |
| УДК код - определител по УДК | 785.73 |
| УДК определител | |
| УДК - код + определител | 785.73 |
| 080 ## - УДК | |
| Текстов определител УДК | Квартет от струнни инструменти |
| УДК код - определител по УДК | 785.74:787.1/.4 |
| УДК определител | |
| УДК - код + определител | 785.74:787.1/.4 |
| 139 ## - Редно поле | |
| Редна дума | Musica Nova Sofia [CD аудио] |
| Авторски знак | Mus - M 97 |
| 245 10 - Сведения за заглавието | |
| Заглавие | Musica Nova Sofia [CD аудио] |
| Подзаглавни данни | Society for Contemporary Music in Bulgaria : Bulgarian Section of ISCM |
| 257 ## - Страна на издаване | |
| Страна на създаване/издаване | България |
| 260 ## - Област на издателските данни | |
| -- | София |
| Година на издаване | 1999 |
| 300 ## - Физическа характеристика | |
| Размери/Мащаб | 12 см. Stereo |
| Тип мерна единица | бр. в к-т |
| Количество на мерната единица | 1 CD |
| 306 ## - Продължителност на изпълнението | |
| Времетраене | 69 мин., 29 сек. |
| 380 ## - Жанр | |
| Жанр | Изкуство |
| 500 ## - Общи забележки | |
| Забележка | Volume 3 |
| 505 ## - Форматирана забележка | |
| Подзаглавни данни | A cycle of seven songs to poems by Emily Dickinson : For Soprano and small Orchetra |
| Авторската отговорност | Симеон Симеонов Пиронков; Simeon Pironkoff; сопран Илиана Селимска; Камерен ансамбъл Musica Nova; Iliana Selimska; диригент Пламен Джуров; Емили Дикинсън; Emily Dickinson. |
| Заглавие | Songs of Life |
| 505 ## - Форматирана забележка | |
| Авторската отговорност | Красимир Тасков; Krassimir Taskov; флейта Теодора Стоянова; Teodora Stoyanova; виола Вяра Стефанова; Vyara Stefanova; арфа Мария Тутурилова; Maria Tuturilova. |
| Заглавие | Nava Trio |
| 505 ## - Форматирана забележка | |
| Авторската отговорност | Драгомир Недялков Йосифов; Dragomir N. Yossifov; изп. Камерен ансамбъл Musica Nova; диригент Драгомир Недялков Йосифов; Dragomir N. Yossifov. |
| Заглавие | Winter Instruments 1 |
| 505 ## - Форматирана забележка | |
| Заглавие | String Quartet Nr.3 Waltz into the end of the World |
| 505 ## - Форматирана забележка | |
| Заглавие | Bardo |
| 505 ## - Форматирана забележка | |
| Заглавие | De Profundis |
| 650 #4 - Допълнително описание по предмет – тема | |
| Основно описание – тема или топоним | Квартети - струнни |
| 9 (RLIN) | 353180 |
| 650 #4 - Допълнително описание по предмет – тема | |
| Основно описание – тема или топоним | Ансамбли - камерни |
| 9 (RLIN) | 354027 |
| 650 #4 - Допълнително описание по предмет – тема | |
| Основно описание – тема или топоним | Трио - струнни и духови |
| 9 (RLIN) | 354028 |
| 653 ## - Ключова дума – ненормативна | |
| Ключова дума | камерни оркестри |
| 653 ## - Ключова дума – ненормативна | |
| Ключова дума | струнни квартети |
| 653 ## - Ключова дума – ненормативна | |
| Ключова дума | триа |
| 852 ## - Местоположение | |
| Форматна сигнатура | Цб CD 228 |
| Част | 6 |
| 856 4# - Електронен адрес и достъп | |
| Електронен формат | pdf - файл |
| Път до файла /url/ | |
| 856 4# - Електронен адрес и достъп | |
| Електронен формат | pdf - файл |
| Път до файла /url/ | |
| 942 ## - АРТИКУЛИ | |
| Вид на библиотечния материал | Компактдискове |
| Скрит в OPAC | Не |
| 944 ## - СЪЗДАВАНЕ И РЕДАКЦИЯ на ЗАПИСА | |
| Създаване/Редакция | Създаване |
| Дата на регистрацията/редакция | 04.02.2010 |
| Служител, извършил регистрацията/редакцията | Наталия_Любомирова |
| 944 ## - СЪЗДАВАНЕ И РЕДАКЦИЯ на ЗАПИСА | |
| Създаване/Редакция | Редакция |
| Дата на регистрацията/редакция | 17.02.2010 |
| Служител, извършил регистрацията/редакцията | |
| 999 ## - СИСТЕМНИ КОНТРОЛНИ НОМЕРА | |
| Koha biblionumber | 217870 |
| Koha biblioitemnumber | 217870 |
| Код за отписване | Код за изгубен артикул | Източник на класификационната схема | Код за повреда | Коз за рестрикции | Код за отдаване | Артикулен № | Име на библиотеката - собственик | Име на библиотеката, в която се намира в момента | Статус (Текущо местоположение) | Дата на вписване в системата | Местоположение - отдел | Цена в лева | Инвентарен номер | Систематично азбучна сигнатура | Баркод | Номер на екземпляра | Цена в евро | Служебна бележка | Служебен тип на артикула |
|---|---|---|---|---|---|---|---|---|---|---|---|---|---|---|---|---|---|---|---|
| Не е изгубен | Universal Decimal Classification | Не е повреден | без рестрикции | заемане за дома | 389247 | Регионална библиотека "Любен Каравелов" Русе | Регионална библиотека "Любен Каравелов" Русе | Отдел Изкуство - подръчен фонд | 1999-01-01 | Отдел Изкуство - подръчен фонд | 0.00 | 250000000228 | Цб CD 228 | 250000000228 | 1 | 0.00 | Дост: Pk Вид: Ф N: стар фонд Дата: 01.01.1999 Съставил: Ирена_Линкова | Компактдискове |